000 00466nam a2200157Ia 4500
008 210716s2003 xx 000 0 und d
020 _a0130668427
041 _aeng
082 _a658.84 MILR
100 _aMiller, Robin Roblimo.
245 _aOnline rules of successful companies: the fool prof guide to building profits.
_bFool prof guide to building profits.
250 _a1
260 _aNew York
_bPrentice Hall
_c2003
300 _axxi,181
650 _aNone
999 _c206386
_d206386